Meno di zero /

সংরক্ষণ করুন:
গ্রন্থ-পঞ্জীর বিবরন
প্রধান লেখক: Ellis, Bret Easton, (1964- ) (লেখক)
অন্যান্য লেখক: Pivano, Fernanda
বিন্যাস: গ্রন্থ
ভাষা:ইতালিয়
প্রকাশিত: Milano : CDE, stampa 1987
ট্যাগগুলো: ট্যাগ যুক্ত করুন
কোনো ট্যাগ নেই, প্রথমজন হিসাবে ট্যাগ করুন!

MARC

LEADER 00000nam a22000007i 4500
001 IT\ICCU\TO0\0939812
003 ItRI
005 20250211205754.0
008 010319s1987 it |||||| ||||| |||||c
040 |b ita  |c Arcigay Genova 
041 7 |a ita  |2 ISO-639-2 
082 |a 813.5  |2 23 
100 1 |a Ellis, Bret Easton,  |d  (1964- )  |0 IT\ICCU\CFIV\042956  |4 aut 
240 1 0 |a Less than zero  |9 Ellis, Bret Easton <1964- > 
245 1 0 |a Meno di zero /  |c Bret Easton Ellis ; con un saggio di Fernanda Pivano. 
260 |a Milano :  |b CDE,  |c stampa 1987 
300 |a 268 p. ;  |c 23 cm 
500 |a Trad. di Francesco Durante. 
700 1 |a Pivano, Fernanda  |0 IT\ICCU\CFIV\037838 
942 |2 ddc  |c BK 
952 |0 0  |1 0  |2 ddc  |4 0  |6 813_540000000000000_BRE_MEN  |7 1  |9 3091  |a GE  |b GE  |d 2025-02-11  |l 0  |o 813.54 BRE MEN  |p 1508  |r 2025-02-11 20:59:26  |w 2025-02-11  |x Donazione di Alvaro Bazzano  |y BK  |z Donazione AB 
981 1 |6 z01  |a i   |b xxxe  
982 1 |6 z01  |a n 
999 |c 2491  |d 2491